| 000 | 00635nam a2200217Ia 4500 | ||
|---|---|---|---|
| 003 | GCL | ||
| 008 | 140319s9999 xx 000 0 ara d | ||
| 040 |
_aGCL / _cGCL |
||
| 082 | 0 | 4 |
_a193 _bهـ ف |
| 100 | 1 | _aنظير جاهل | |
| 245 | 1 | 0 |
_aالفلسفة الالمانية والتصوف اليهودى / _cنظير جاهل |
| 700 | 1 | _aهابرماس، يورغن | |
| 300 | _a95 ص | ||
| 490 | _a | ||
| 650 | 0 | 4 | _aالدين والفلسفة |
| 650 | 0 | 4 | _aالفلسفة الغربية |
| 650 | 0 | 4 | _aاليهود |
| 650 | 0 | 4 | _aتصوف الفلاسفة |
| 650 | 0 | 4 | _aالفلسفة الالمانية |
| 942 |
_2ddc _cBK |
||
| 999 |
_c37873 _d37873 |
||